000 00904nam a2200277Ia 4500
008 160321s9999||||xx |||||||||||||| ||und||
040 _cJapnese-English
082 _aXVB/Shinkokai
082 _bBORI-7617
100 _aKokusai Bunka Shinkokai
245 _aK. B. S Bibliography Registetr Of Important Works Written In Japanases On Japan And The Fair East
260 _aTokoya
260 _c1937
300 _aVii+166
300 _cB
300 _ePaperback
530 _u00018216.pdf
563 _aReference
600 _aKokusai Bunka Shinkokai
630 _aK. B. S Bibliography Registetr Of Important Works Written In Japanases On Japan And The Fair East
650 _aBiographics
650 _aReference
700 _aKokusai Bunka Shinkokai
730 _aK. B. S Bibliography Registetr Of Important Works Written In Japanases On Japan And The Fair East
942 _cBOOK
999 _c1356601
_d1356598